Filemon mamon / (Record no. 355793)
[ view plain ]
| 000 -LEADER | |
|---|---|
| fixed length control field | 00513nam a2200193Ia 4500 |
| 008 - FIXED-LENGTH DATA ELEMENTS--GENERAL INFORMATION | |
| fixed length control field | 180207s9999 xx 000 0 und d |
| 020 ## - INTERNATIONAL STANDARD BOOK NUMBER | |
| International Standard Book Number | 9789715082464 |
| 050 ## - LIBRARY OF CONGRESS CALL NUMBER | |
| Item number | B441 2006 |
| 100 ## - MAIN ENTRY--PERSONAL NAME | |
| Personal name | Bellen, Christine |
| 245 ## - TITLE STATEMENT | |
| Title | Filemon mamon / |
| 245 ## - TITLE STATEMENT | |
| Statement of responsibility, etc | by Christine Bellen ; illustrated by Jason Moss. |
| 260 ## - PUBLICATION, DISTRIBUTION, ETC. (IMPRINT) | |
| Place of publication, distribution, etc | Metro Manila, Philippines : |
| 260 ## - PUBLICATION, DISTRIBUTION, ETC. (IMPRINT) | |
| Name of publisher, distributor, etc | Adarna House, |
| 260 ## - PUBLICATION, DISTRIBUTION, ETC. (IMPRINT) | |
| Date of publication, distribution, etc | 2006 |
| 300 ## - PHYSICAL DESCRIPTION | |
| Extent | unpaged : |
| 300 ## - PHYSICAL DESCRIPTION | |
| Other physical details | chiefly colored ; |
| 300 ## - PHYSICAL DESCRIPTION | |
| Dimensions | 22cm. |
| 650 ## - SUBJECT ADDED ENTRY--TOPICAL TERM | |
| Topical term or geographic name as entry element | A book in 2 languages. |
| Withdrawn status | Lost status | Damaged status | Home library | Current library | Date acquired | Total Checkouts | Full call number | Barcode | Date last seen | Price effective from | Koha item type |
|---|---|---|---|---|---|---|---|---|---|---|---|
| Stonyhurst Southville International School (Malarayat) | Stonyhurst Southville International School (Malarayat) | 02/07/2018 | ER B441 2006 | SSISM5338 | 02/07/2018 | 02/07/2018 | Books |